Gossip Girl Quiz - Statistics

General Stats
  • This quiz has been taken 977 times
  • The average score is 5 of 10
Answer Stats
Hint Answer % Correct
Serena Blake Lively
93%
Blair Leighton Meester
83%
Chuck Ed Westwick
82%
Nate Chace Crawford
62%
Jenny Taylor Momsen
57%
Dan Penn Badgley
53%
Lily Kelly Rutherford
27%
Vanessa Jessica Szohr
25%
Eric Connor Paolo
16%
Louis Hugo Becker
7%
No matching quizzes found
Score Distribution
Percent of People with Each Score
Percentile by Number Answered
Your Score History
You have not taken this quiz